| 000 | 00380nam a22001337a 4500 | ||
|---|---|---|---|
| 082 |
_a624.164 _bMAR _cL-20, P-187 |
||
| 100 |
_aMarcel _942590 |
||
| 245 |
_aRetaining structures _cMarcel and Andre Reimbert |
||
| 260 |
_aDelhi, India _bCBS Publishers & Distributors _c1991 |
||
| 300 | _a168.p: | ||
| 526 |
_a0 _b0 _c0 _d624_164000000000000_MAR |
||
| 650 |
_aMCE _9379 |
||
| 942 |
_2ddc _cBK |
||
| 999 |
_c546459 _d546459 |
||